000 00575cam a22001337a 4500
008 180718b1997 xxu||||| |||| 00| 0 eng d
082 _aA81x54 91/2/PT12A&B/R
100 _aCensus of India 1991
245 _aAndhra Pradesh district census handbook, Rangareddi: village and town directory, village and townwise primary census abstract
260 _aHyderabad
_bCommissioner of Printing Stationery and Stores Purchase (Ptg. Wing) Department
_c1997
300 _a423+p.
440 _aCensus of India 1991. Series-2, Andhra Pradesh. Part XII-A & B
650 _aRangareddi- Census
999 _c481931
_d481931